| 000 | 02090nam a2200577 i 4500 | ||
|---|---|---|---|
| 001 | 3976 | ||
| 003 | KOSZ 005 | ||
| 005 | 20190723120405.0 | ||
| 008 | 971016s1989 pl a |000 0 pol | ||
| 015 | _aPB 1989/7908 | ||
| 020 | _a8321334822 | ||
| 020 | _a8321334830 | ||
| 035 | _a991002918329705066 | ||
| 035 | _a(PL-WaBN)b10791000-48omnis_nlop | ||
| 035 | _ab10791000 | ||
| 035 | _a(OCoLC)834772279 | ||
| 035 | _a(PL)b0000001079100 | ||
| 035 | _a(EXLNZ-48OMNIS_NETWORK)9910284599105606 | ||
| 040 |
_aWA N _cWA N _dKOSZ 005/EG |
||
| 041 | _apol | ||
| 046 | _k1962 | ||
| 080 | _a69 | ||
| 080 | _a624 | ||
| 080 | _a(075.8) | ||
| 100 | 1 |
_aDyżewski, Aleksander _d(1893-1970) _eAutor |
|
| 245 | 1 | 0 |
_aTechnologia i organizacja budowy. _nT. 1, _pPodstawy technologii i mechanizacji robót budowlanych / _cAleksander Dyżewski ; pod kier. Ryszarda Ciołka ; przygot. zespół aut. w składzie R. Ciołek, Włodzimierz Martinek, Eugeniusz Kędzierski. |
| 250 | _aWyd. 4 zm. i uzup. | ||
| 260 |
_aWarszawa : _b"Arkady", _c1989. |
||
| 300 |
_a455, [1] s. : _bfot., rys., wykr. ; _c24 cm. |
||
| 336 |
_2rdacontent _aTekst _btxt |
||
| 337 |
_2rdamedia _aBez urządzenia pośredniczącego _bn |
||
| 338 |
_2rdacarrier _aWolumin _bnc |
||
| 380 | _aKsiążki | ||
| 380 | _aPublikacje dydaktyczne | ||
| 385 |
_mPoziom nauczania _aSzkoły wyzsze |
||
| 388 | _a1901-2000 | ||
| 388 | _a1945-1989 | ||
| 500 | _aW wyd. poprz. t. 1 ogł. pt. : Technologia i mechanizacja robót budowlanych. | ||
| 504 | _aBibliogr. przy rozdz. | ||
| 650 | 7 |
_aBudownictwo _2DBN |
|
| 650 | 7 | _aTechnologia | |
| 655 | 7 |
_aPodręczniki akademickie _2DBN |
|
| 658 | _aArchitektura i budownictwo | ||
| 700 | 1 |
_aCiołek, Ryszard _d(1921-2010) _eRedakcja |
|
| 700 | 1 |
_aKędzierski, Eugeniusz _eAutor |
|
| 700 | 1 |
_aMartinek, Włodzimierz _eAutor |
|
| 710 | 2 |
_aWydawnictwo Arkady _4pbl |
|
| 856 |
_uhttp://koha.tu.koszalin.pl/cgi-bin/koha/opac-detail.pl?biblionumber=3976 _yKatalog online BPK |
||
| 942 |
_2UKD _cKS |
||
| 999 |
_c3976 _d3976 |
||